| 000 | 00687nam a22002297a 4500 | ||
|---|---|---|---|
| 003 | 0 | ||
| 005 | 20250903130528.0 | ||
| 008 | 250903b xxu||||| |||| 00| 0 eng d | ||
| 020 | _a978-184749-609-6 | ||
| 050 |
_aPS 2612 _b.P743 2023 |
||
| 100 |
_aPoe, Edgar Allan, _eauthor. |
||
| 245 |
_aTales of horror / _cEdgar Allan Poe. |
||
| 260 |
_aLondon, United Kingdom : _bAlma Classics, _c2023. |
||
| 300 |
_a311 pages : _c20 cm. |
||
| 500 | _aIncludes notes on the text. | ||
| 650 | _aHorror tales, American. | ||
| 650 | _aGothic fiction. | ||
| 650 |
_aSupernatural _vFiction. |
||
| 650 | _aPsychological fiction, American. | ||
| 650 | _aShort stories, American. | ||
| 942 |
_2lcc _cBK |
||
| 999 |
_c367763 _d367763 |
||